Music Quiz

Random Music or Artist Quiz

Tattoo My Body With...Music Quiz Stats

Quiz Updated Mar 13, 2014

Challenge
Share
Tweet
Score 0/20 Timer 05:00
3 Plays Today
% Correct
The Rolling Stones
96.2%
The Beatles
91.9%
Pink Floyd
89.4%
Kiss
87.8%
Van Halen
85.7%
Aerosmith
76.5%
ZZ Top
71%
Guns N' Roses
63.5%
The Ramones
60.9%
Nirvana
59.2%
% Correct
Grateful Dead
53.5%
Green Day
49.5%
Red Hot Chili Peppers
45.8%
Gorillaz
45.4%
Metallica
41.9%
The Cure
40.4%
Iron Maiden
37.3%
Led Zeppelin
33.2%
The Velvet Underground
30.7%
Lynyrd Skynyrd
30%

You're not logged in!

Compare scores with friends on all Sporcle quizzes.
Join for Free
OR
Log In

You Might Also Like...

Show Comments

Extras

Top Quizzes Today


Score Distribution

Your Account Isn't Verified!

In order to create a playlist on Sporcle, you need to verify the email address you used during registration. Go to your Sporcle Settings to finish the process.

Report this User

Report this user for behavior that violates our Community Guidelines.

Details: